00470nam a2200193 a 45000010005000000030009000050080041000140400028000550820016000831000030000992450023001292500007001522600029001593000010001884900023001986500026002219420012002479990017002591901CO-ViMGA141112s2004 ck r 000 u spa d aCO-ViMGAbspacCO-ViMGA04a841.8 B182f1 aBaudelaire, Charles9399910aLas flores del mal a5a aMadrid : bVisor, c1996 a214 p aVisor e poesia, 7214aPOESIA FRANCESA94000 2ddccBK c14053d14053